Statistics for Seinfeld EXPERT trivia

Click here to take the quiz!

General Stats

  • This quiz has been taken 361 times
  • The average score is 8 of 15

Answer Stats

Hint Answer % Correct
What sports team does David Puddy supportdevils
93%
what animal dies when it eats Kramers lockbox keyparrot
71%
how much does jerry accidentally give Lloyd Braun for Chinese gum$100
71%
George fakes being close to getting a job at Vandalay Industries as a ?latex salesman
69%
What flavour bobka cake do Elaine and Jerry end up buyingcinnamon
68%
what does Jerry give Elaine for her birthdaycash
65%
What drink does George want to bring to the dinner partypepsi
59%
What is the name of the bizarro coffee shopReggies
55%
What do george and jerry dare elaine to eat at the chinese resterauntegg roll
54%
What does Elaine eat from Kevin's fridge without permissionolives
48%
What is the prize Frank Costanza offers George/Lloyd for whoever sells the most computerswater pick
39%
The colour of the car who Jerry argues with during the Puerto Rican Day ParadeMaroon
34%
What does Elaine's friend throw/spill on georges shirt during a performancechocolate sauce
24%
What department store has "skinny mirrors"Barneys
19%
What was found to be NOT non fatfrozen yoghurt
14%

Score Distribution

Percentile by Number Answered

Percent of People with Each Score

Your Score History

You have not taken this quiz